[Event "DV FR-chT"]
[Site "Vladivostok"]
[Date "2007.10.03"]
[Round "5"]
[White "Golik, Nikita"]
[Black "Kosov, Alexey"]
[Result "1/2-1/2"]
[WhiteElo "2113"]
[BlackElo "2300"]
[PlyCount "164"]
[EventDate "2007.09.29"]
[EventType "team-tourn"]
[EventRounds "7"]
[EventCountry "RUS"]
[SourceTitle "EXT 2022"]
[Source "ChessBase"]
[SourceDate "2021.10.06"]
[SourceVersion "1"]
[SourceVersionDate "2021.10.06"]
[SourceQuality "1"]

1. e4 c5 2. Nf3 Nc6 3. d4 cxd4 4. Nxd4 Nf6 5. Nc3 d6 6. Be3 e5 7. Nb3 Be7 8. Be2 0-0 9. 0-0 a5 10. f3 a4 11. Nd2 a3 12. bxa3 Rxa3 13. Nb3 Be6 14. Qd2 d5 15. exd5 Nxd5 16. Nxd5 Bxd5 17. Rfd1 Be6 18. Qxd8 Rxd8 19. Rxd8+ Bxd8 20. Bc5 Ra8 21. Bb5 Na7 22. Bd3 Bf6 23. Be4 Nc6 24. a3 Rc8 25. Rd1 g6 26. Be3 Ra8 27. Bc5 Bg7 28. Bxc6 bxc6 29. Be7 Bd5 30. Nd2 f5 31. c4 Be6 32. Rb1 Ra7 33. Rb8+ Kf7 34. Bd6 Bh6 35. Rb2 Kf6 36. Bc5 Rd7 37. Bb4 Be3+ 38. Kf1 Bd4 39. Rc2 c5 40. Ba5 Ra7 41. Bd8+ Kf7 42. Nb3 Rxa3 43. Nxd4 exd4 44. Bb6 Ra4 45. Bxc5 Bxc4+ 46. Ke1 d3 47. Rd2 Ke6 48. Be3 Kd5 49. Kf2 Rb4 50. g3 Rb1 51. Kg2 Bb5 52. Kf2 Kc4 53. Ra2 Bc6 54. Rd2 Bd5 55. Ra2 Rb7 56. Rd2 Kc3 57. Bf4 Bb3 58. Be3 Bc2 59. Ke1 Rb1+ 60. Kf2 Rd1 61. Rxd1 Bxd1 62. Ke1 Bxf3 63. h4 Be2 64. Bd2+ Kd4 65. Bf4 Ke4 66. Kf2 Bd1 67. Bd2 Bb3 68. Kg2 Kd4 69. Kf2 Be6 70. Ke1 Ke5 71. Kf2 Kd4 72. Ke1 Bc8 73. Kf2 Ke4 74. Be3 Ke5 75. Bd2 Kf6 76. Be3 Ke5 77. Bd2 Kf6 78. Be3 Kg7 79. Bd2 h6 80. Be3 Bd7 81. Bd4+ Kf7 82. Be3 g5 1/2-1/2

[Event "DV FR-chT"]
[Site "Vladivostok"]
[Date "2007.09.29"]
[Round "1"]
[White "Slupskiy, Sergey"]
[Black "Golik, Nikita"]
[Result "1-0"]
[WhiteElo "2298"]
[BlackElo "2113"]
[PlyCount "75"]
[EventDate "2007.09.29"]
[EventType "team-tourn"]
[EventRounds "7"]
[EventCountry "RUS"]
[SourceTitle "EXT 2022"]
[Source "ChessBase"]
[SourceDate "2021.10.06"]
[SourceVersion "1"]
[SourceVersionDate "2021.10.06"]
[SourceQuality "1"]

1. d4 e6 2. Nf3 d5 3. g3 Nf6 4. Bg2 c5 5. 0-0 Nc6 6. b3 cxd4 7. Nxd4 Bc5 8. Nxc6 bxc6 9. c4 0-0 10. Nc3 Qe7 11. Na4 Bd6 12. Qc2 Bd7 13. c5 Bc7 14. e4 d4 15. f4 e5 16. f5 h6 17. h3 Kh7 18. g4 Ng8 19. Qf2 Bd8 20. Qg3 Re8 21. Bd2 Qh4 22. Qf3 Qf6 23. Kh2 g5 24. Nb2 Qe7 25. Rac1 f6 26. h4 Qf8 27. hxg5 hxg5 28. Kg3 Qg7 29. Rh1+ Nh6 30. Rxh6+ Qxh6 31. Rh1 Qxh1 32. Bxh1 Kg7 33. Nc4 Be7 34. Bg2 Reb8 35. b4 Be8 36. Bf1 Bf7 37. Na5 Be8 38. Ba6 1-0